<?xml version="1.0" encoding="UTF-8"?>
<record
    xmlns:xsi="http://www.w3.org/2001/XMLSchema-instance"
    xsi:schemaLocation="http://www.loc.gov/MARC21/slim http://www.loc.gov/standards/marcxml/schema/MARC21slim.xsd"
    xmlns="http://www.loc.gov/MARC21/slim">

  <leader>01929nam a2200289Ia 4500</leader>
  <datafield tag="952" ind1=" " ind2=" ">
    <subfield code="0">0</subfield>
    <subfield code="1">0</subfield>
    <subfield code="4">0</subfield>
    <subfield code="7">0</subfield>
    <subfield code="a">21</subfield>
    <subfield code="b">21</subfield>
    <subfield code="d">2011-11-14</subfield>
    <subfield code="l">13</subfield>
    <subfield code="o">JC 131 A76  2007</subfield>
    <subfield code="p">21 000706</subfield>
    <subfield code="r">2019-10-22</subfield>
    <subfield code="s">2019-10-22</subfield>
    <subfield code="t">1</subfield>
    <subfield code="w">2012-07-20</subfield>
    <subfield code="y">LB</subfield>
  </datafield>
  <datafield tag="952" ind1=" " ind2=" ">
    <subfield code="0">0</subfield>
    <subfield code="1">0</subfield>
    <subfield code="2">lcc</subfield>
    <subfield code="4">0</subfield>
    <subfield code="7">0</subfield>
    <subfield code="a">07</subfield>
    <subfield code="b">07</subfield>
    <subfield code="d">2012-11-14</subfield>
    <subfield code="l">5</subfield>
    <subfield code="o">JC273 A75 2007</subfield>
    <subfield code="p">07 003575</subfield>
    <subfield code="r">2018-02-22</subfield>
    <subfield code="s">2016-06-22</subfield>
    <subfield code="t">1</subfield>
    <subfield code="w">2012-11-14</subfield>
    <subfield code="y">LB</subfield>
  </datafield>
  <datafield tag="952" ind1=" " ind2=" ">
    <subfield code="0">0</subfield>
    <subfield code="1">0</subfield>
    <subfield code="2">lcc</subfield>
    <subfield code="4">0</subfield>
    <subfield code="7">0</subfield>
    <subfield code="a">21</subfield>
    <subfield code="b">21</subfield>
    <subfield code="d">2013-03-08</subfield>
    <subfield code="l">11</subfield>
    <subfield code="o">JC 131 A76 2007</subfield>
    <subfield code="p">21 001473</subfield>
    <subfield code="r">2019-10-14</subfield>
    <subfield code="s">2019-10-14</subfield>
    <subfield code="t">2</subfield>
    <subfield code="w">2013-03-08</subfield>
    <subfield code="y">LB</subfield>
  </datafield>
  <datafield tag="952" ind1=" " ind2=" ">
    <subfield code="0">0</subfield>
    <subfield code="1">0</subfield>
    <subfield code="4">0</subfield>
    <subfield code="7">0</subfield>
    <subfield code="a">18</subfield>
    <subfield code="b">18</subfield>
    <subfield code="d">2013-06-17</subfield>
    <subfield code="l">1</subfield>
    <subfield code="o">JC131  A75 2007 </subfield>
    <subfield code="p">18 001675</subfield>
    <subfield code="r">2018-10-24</subfield>
    <subfield code="s">2018-10-24</subfield>
    <subfield code="t">1</subfield>
    <subfield code="w">2013-06-17</subfield>
    <subfield code="y">LB</subfield>
  </datafield>
  <datafield tag="952" ind1=" " ind2=" ">
    <subfield code="0">0</subfield>
    <subfield code="1">0</subfield>
    <subfield code="2">lcc</subfield>
    <subfield code="4">0</subfield>
    <subfield code="7">0</subfield>
    <subfield code="a">14</subfield>
    <subfield code="b">14</subfield>
    <subfield code="d">2012-11-21</subfield>
    <subfield code="l">3</subfield>
    <subfield code="m">1</subfield>
    <subfield code="o">JC273 A75 2007</subfield>
    <subfield code="p">14 004584</subfield>
    <subfield code="r">2019-08-31</subfield>
    <subfield code="s">2019-08-30</subfield>
    <subfield code="t">1</subfield>
    <subfield code="w">2013-08-28</subfield>
    <subfield code="y">LB</subfield>
  </datafield>
  <datafield tag="952" ind1=" " ind2=" ">
    <subfield code="0">0</subfield>
    <subfield code="1">0</subfield>
    <subfield code="4">0</subfield>
    <subfield code="7">0</subfield>
    <subfield code="a">22</subfield>
    <subfield code="b">22</subfield>
    <subfield code="d">2013-12-12</subfield>
    <subfield code="l">2</subfield>
    <subfield code="m">1</subfield>
    <subfield code="o">JC273 A75 2007</subfield>
    <subfield code="p">22 000048</subfield>
    <subfield code="r">2016-05-16</subfield>
    <subfield code="s">2016-04-16</subfield>
    <subfield code="t">1</subfield>
    <subfield code="w">2013-12-12</subfield>
    <subfield code="y">LB</subfield>
  </datafield>
  <datafield tag="952" ind1=" " ind2=" ">
    <subfield code="0">0</subfield>
    <subfield code="1">0</subfield>
    <subfield code="4">0</subfield>
    <subfield code="7">0</subfield>
    <subfield code="a">01</subfield>
    <subfield code="b">01</subfield>
    <subfield code="d">2018-01-26</subfield>
    <subfield code="l">4</subfield>
    <subfield code="o">320.1 A742e 2007</subfield>
    <subfield code="p">01 014194</subfield>
    <subfield code="r">2019-09-27</subfield>
    <subfield code="s">2019-09-27</subfield>
    <subfield code="t">1</subfield>
    <subfield code="w">2018-01-26</subfield>
    <subfield code="y">LB</subfield>
  </datafield>
  <datafield tag="952" ind1=" " ind2=" ">
    <subfield code="0">0</subfield>
    <subfield code="1">0</subfield>
    <subfield code="2">lcc</subfield>
    <subfield code="4">0</subfield>
    <subfield code="7">0</subfield>
    <subfield code="a">20</subfield>
    <subfield code="b">20</subfield>
    <subfield code="d">2018-06-05</subfield>
    <subfield code="l">2</subfield>
    <subfield code="o">JC131 A75 2007</subfield>
    <subfield code="p">20 001269</subfield>
    <subfield code="r">2024-05-18</subfield>
    <subfield code="s">2019-06-13</subfield>
    <subfield code="t">1</subfield>
    <subfield code="w">2018-06-05</subfield>
    <subfield code="y">LB</subfield>
  </datafield>
  <datafield tag="999" ind1=" " ind2=" ">
    <subfield code="c">83253</subfield>
    <subfield code="d">83253</subfield>
  </datafield>
  <controlfield tag="005">20231102151356.0</controlfield>
  <controlfield tag="008">120721t2007    mx     g      000 0 spa d</controlfield>
  <datafield tag="020" ind1=" " ind2=" ">
    <subfield code="a">9789682475368</subfield>
  </datafield>
  <datafield tag="050" ind1="0" ind2="4">
    <subfield code="a">JC131</subfield>
    <subfield code="b">A75  2007</subfield>
  </datafield>
  <datafield tag="082" ind1=" " ind2=" ">
    <subfield code="a">320.1</subfield>
    <subfield code="b">A742e 2007</subfield>
  </datafield>
  <datafield tag="100" ind1="1" ind2=" ">
    <subfield code="a">Arn&#xE1;iz Amigo, Aurora</subfield>
    <subfield code="e">autor</subfield>
  </datafield>
  <datafield tag="245" ind1="1" ind2="3">
    <subfield code="a">El Estado y sus fundamentos institucionales</subfield>
    <subfield code="c"> / Aurora Arnaiz Amigo</subfield>
  </datafield>
  <datafield tag="250" ind1=" " ind2=" ">
    <subfield code="a">2a. edici&#xF3;n</subfield>
  </datafield>
  <datafield tag="260" ind1="3" ind2=" ">
    <subfield code="a">M&#xE9;xico</subfield>
    <subfield code="b"> : Trillas</subfield>
    <subfield code="c">, 2007</subfield>
  </datafield>
  <datafield tag="300" ind1=" " ind2=" ">
    <subfield code="a">405 p&#xE1;ginas</subfield>
  </datafield>
  <datafield tag="500" ind1=" " ind2=" ">
    <subfield code="a">Incluye:
Introducci&#xF3;n
&#xCD;ndice de contenido
Glosario
&#xCD;ndice onom&#xE1;stico
&#xCD;ndice anal&#xED;tico</subfield>
  </datafield>
  <datafield tag="505" ind1=" " ind2=" ">
    <subfield code="a">El Estado como teor&#xED;a ciencia
M&#xE9;todo de la teor&#xED;a del Estado
G&#xE9;nesis del Estado
Introducci&#xF3;n al Estado : su raz&#xF3;n de ser
El origen del Estado
El Oriente, Grecia y Roma
La Edad Media y el Estado moderno
Grecia
Arist&#xF3;teles
La evoluci&#xF3;n de los ideales pol&#xED;ticos en el Estado moderno
Antecedentes inmediatos de los ideales pol&#xED;ticos contempor&#xE1;neos
Algunos aspectos de las escuelas pol&#xED;ticas de los siglos XVI, XVII, XVIII y XIX
El papel del liberalismo en los ideales pol&#xED;ticos contempor&#xE1;neos
Crisis de los ideales pol&#xED;ticos. una cr&#xED;tica a la teor&#xED;a del Estado moderno
Trayectoria del Estado moderno
Del idealismo pol&#xED;tico y su ant&#xED;tesis, el Estado autoritario
Crisis del Estado
La importancia del estudio hist&#xF3;rico de la ciencia pol&#xED;tica
El fascismo en Europa (1933-1947)</subfield>
  </datafield>
  <datafield tag="519" ind1=" " ind2=" ">
    <subfield code="a">Educaci&#xF3;n Mixta / </subfield>
    <subfield code="b">Derecho / </subfield>
    <subfield code="c">Teor&#xED;a Econ&#xF3;mica (B04-3) / </subfield>
    <subfield code="d">(18 001675)</subfield>
  </datafield>
  <datafield tag="519" ind1=" " ind2=" ">
    <subfield code="a">Educaci&#xF3;n Mixta / </subfield>
    <subfield code="b">Derecho / </subfield>
    <subfield code="c">Teor&#xED;a Econ&#xF3;mica (B04-3) / </subfield>
    <subfield code="d">(22 000048)</subfield>
  </datafield>
  <datafield tag="519" ind1=" " ind2=" ">
    <subfield code="a">Educaci&#xF3;n Mixta / </subfield>
    <subfield code="b">Derecho / </subfield>
    <subfield code="c">Teor&#xED;a econ&#xF3;mica (B04) / </subfield>
    <subfield code="d">(20 001269)</subfield>
  </datafield>
  <datafield tag="519" ind1=" " ind2=" ">
    <subfield code="a">Material Complementario / </subfield>
    <subfield code="b">Derecho / </subfield>
    <subfield code="d">(01 014194)</subfield>
  </datafield>
  <datafield tag="650" ind1=" " ind2="0">
    <subfield code="a">TEOR&#xCD;A DEL ESTADO</subfield>
  </datafield>
  <datafield tag="650" ind1=" " ind2="0">
    <subfield code="a">GOBIERNO</subfield>
  </datafield>
  <datafield tag="650" ind1=" " ind2="0">
    <subfield code="a">ESTADO</subfield>
    <subfield code="x">HISTORIA</subfield>
  </datafield>
  <datafield tag="942" ind1=" " ind2=" ">
    <subfield code="c">LB</subfield>
  </datafield>
</record>
